| Tag |
First Indicator |
Second Indicator |
Subfields |
| LEADER |
00000cam a2200000 4500 |
| 001 |
in00002062829 |
| 005 |
20151101191056.0 |
| 008 |
891113s1909 enkc 000 0beng c |
| 010 |
|
|
|a a 10000418
|
| 035 |
|
|
|a (OCoLC)ocm13974363
|
| 040 |
|
|
|a Columbia Univ. Library
|c DLC
|d OCL
|d TXA
|d UtOrBLW
|
| 043 |
|
|
|a e-sp---
|
| 049 |
|
|
|a TXAM
|
| 050 |
0 |
0 |
|a DP236.F4
|b M33 1909
|
| 100 |
1 |
|
|a McCabe, Joseph,
|d 1867-1955.
|
| 245 |
1 |
4 |
|a The martyrdom of Ferrer :
|b being a true account of his life and work /
|c by Joseph McCabe ...
|
| 264 |
|
1 |
|a London :
|b Watts & co.,
|c 1909.
|
| 300 |
|
|
|a 96 pages :
|b frontispiece (portrait) ;
|c 22 cm.
|
| 336 |
|
|
|a text
|b txt
|2 rdacontent
|
| 337 |
|
|
|a unmediated
|b n
|2 rdamedia
|
| 338 |
|
|
|a volume
|b nc
|2 rdacarrier
|
| 500 |
|
|
|a Last two pages contain advertising matter.
|
| 500 |
|
|
|a Issued for the Rationalist press association, limited.
|
| 600 |
1 |
0 |
|a Ferrer Guardia, Francisco,
|d 1859-1909.
|
| 651 |
|
0 |
|a Spain
|x History
|y Alfonso XIII, 1886-1931.
|
| 651 |
|
0 |
|a Barcelona (Spain)
|x History
|y Revolution, 1909.
|
| 650 |
|
0 |
|a Revolutionaries
|z Spain
|v Biography.
|
| 650 |
|
0 |
|a Educators
|z Spain
|v Biography.
|
| 710 |
2 |
|
|a Paul Avrich Collection (Library of Congress)
|
| 948 |
|
|
|a cataloged
|b cmulkey
|c 2005/7/12
|d 2:04:02 pm
|
| 994 |
|
|
|a C0
|b TXA
|
| 999 |
|
|
|a MARS
|
| 999 |
f |
f |
|s 125026f2-ee76-3bf1-b5d9-711abb928306
|i fc943d06-c953-30a2-86ba-4e4c87019982
|t 0
|
| 952 |
f |
f |
|p ric
|a Texas A&M University
|b Rellis Campus
|c Joint Library Facility
|d Remote Storage
|t 0
|e DP236.F4 M33 1909
|h Library of Congress classification
|i unmediated -- volume
|m A14832788071
|
| 998 |
f |
f |
|a DP236.F4 M33 1909
|t 0
|l Remote Storage
|